| 000 | 00752nam a22002297a 4500 | ||
|---|---|---|---|
| 999 |
_c8406 _d8406 |
||
| 001 | 22047 | ||
| 003 | BD-DhUAP | ||
| 005 | 20240309123717.0 | ||
| 008 | 240309b19952010ii a|||| |||| 001 0beng d | ||
| 020 | _a9780521426664 | ||
| 040 |
_aBD-DhUAP _beng _cBD-DhUAP _dBD-DhUAP |
||
| 082 |
_223 _a418. PAR |
||
| 100 | _aParrott, Martin | ||
| 245 |
_aTasks for Language Teachers: _bA Resource Book for Training and Development / _cMartin Parrott . |
||
| 260 |
_aUnited Kingdom; _bCambridge University Press, _cc2010. |
||
| 300 |
_a325 Pages; _cLanguage teaching theory & methods |
||
| 500 | _aInclude Index and Bibliographical Reference. | ||
| 650 | _aELT: teaching theory & methods | ||
| 700 | _aWright, Tony | ||
| 700 | _aWilliams, Marion | ||
| 942 |
_2ddc _cBK |
||